| 000 | 00733nam a2200229 a 4500 | ||
|---|---|---|---|
| 001 | 000048884 | ||
| 003 | DO-SdBNP | ||
| 005 | 20220621123919.0 | ||
| 007 | ta | ||
| 008 | 190425s2004 dr cd 000 0 spa d | ||
| 040 |
_aDO-SdBNP _bspa _cBNPHU |
||
| 082 |
_a324.6 _bE744 |
||
| 111 |
_aParticipación Ciudadana, Movimiento Cívico no Partidista _981894 |
||
| 245 | 0 | 0 |
_aEscenario de un proceso electoral : _belecciones presidenciales 2004 |
| 260 |
_aSanto Domingo, : _bParticipación Ciudadana, _c2004. |
||
| 300 |
_a327 p. ; _c28 cm. |
||
| 590 | _aInventariado, 2019/ YL | ||
| 650 |
_aElecciones _zRepública Dominicana _92992 |
||
| 650 |
_aRepública Dominicana _xPolítica y gobierno _92488 |
||
| 910 | _aDG | ||
| 942 |
_2ddc _cLBS1 |
||
| 999 |
_c52079 _d52079 |
||